The monetary history of Iran (Record no. 23938)
[ view plain ]
| 000 -LEADER | |
|---|---|
| fixed length control field | 01487nam a2200361 a 4500 |
| 082 04 - DEWEY DECIMAL CLASSIFICATION NUMBER | |
| Classification number | 332.4955 |
| 100 1# - MAIN ENTRY--AUTHOR NAME | |
| Personal name | Matthee, Rudi. |
| 245 14 - TITLE STATEMENT | |
| Title | The monetary history of Iran |
| 260 ## - PUBLICATION, DISTRIBUTION, ETC. (IMPRINT) | |
| Place of publication | London ; |
| -- | New York : |
| Name of publisher | I.B.Tauris, |
| Year of publication | 2013. |
| 300 ## - PHYSICAL DESCRIPTION | |
| Number of Pages | xxi, 290 p., [24] p. of plates : |
| Other physical details | ill. (some col.), maps. |
| 490 1# - SERIES STATEMENT | |
| Series statement | Iran and the Persianate world series |
| 505 0# - FORMATTED CONTENTS NOTE | |
| Formatted contents note | pt. 1. The Safavid period 1502-1722 -- pt. 2. The Afsharid and Zand period 1722-94. |
| 650 #0 - SUBJECT ADDED ENTRY--TOPICAL TERM | |
| Topical Term | Money |
| 700 1# - ADDED ENTRY--PERSONAL NAME | |
| Personal name | Floor, Willem. |
| Personal name | Clawson, Patrick. |
| 856 40 - ELECTRONIC LOCATION AND ACCESS | |
| Uniform Resource Identifier | http://site.ebrary.com/lib/rucke/Doc?id=10695816 |
No items available.
